Can you answer these math questions? - Statistics

General Stats
  • This quiz has been taken 44 times
  • The average score is 12 of 15
Answer Stats
Question Answer % Correct
211 - 197 14
97%
XIV in Arabic numerals is ... 14
97%
What is 5 rounded to by 10s? 10
95%
1 m is how many cm? 100
95%
How many cents makes a $? 100
95%
63/9 7
95%
25% of 6 1.5
86%
5000 + 4288 9288
78%
What is 3 quarters equivalent to in decimals? 0.75
76%
25x25 625
76%
Did you like this quiz? (YES or NO only!) YES!
70%
A rectangle has a length of 8cm and width of 3cm. What is the perimeter? 22cm
57%
Challenge : Do you know the max digits my calculator can hold? Type your answer here! 12
49%
Continue this pattern. 1,1,2,3,3,5 What comes next? 4
46%
If it is half past 6, what time is it? (use post merediem) 6:30 pm
41%
No matching quizzes found
Score Distribution
Percent of People with Each Score
Percentile by Number Answered
Your Score History
You have not taken this quiz